00536nam a2200193 a 4500001001300000003000900013005001700022008004100039020002400080082001600104100002400120245004300144260003800187300000900225500003500234505002400269650002500293700002400318nice12345678IN_TiNIC20260116014943.0050524s1999 oxfa grp 000 0 eng  a0631429 9 c144500a201.65bMCG aMc Grath, Alister E aScience and Religionb an Introduction aOxfordbBlackwell Pub. Ltd c1999 a250p aincludes index and biblioraphy2 aBibliography, Index aReligion and Science1 aMc Grath, Alister E